LEADER 01092nam0-2200373---450 001 990000286660203316 005 20210315110010.0 010 $a88-04-42852-X 035 $a0028666 035 $aUSA010028666 035 $a(ALEPH)000028666USA01 035 $a0028666 100 $a20001107d1999----km-y0itay0103----ba 101 $aita 102 $aIT 105 $a||||||||001yy 200 1 $a<> uomo di fiducia$eretroscena del potere raccontati da un testimone rimasto dietro le quinte per cinquant'anni$fEttore Bernabei con Giorgio Dell'Arti 205 $a3. ed 210 $aMilano$cMondadori$d1999 215 $a316 p.$d24 cm 225 2 $aFrecce 410 0$12001$aFrecce 461 1$1001-------$12001 600 0 $aBernabei, Ettore$xInterviste 676 $a070.41092 700 1$aBERNABEI,$bEttore$0140064 701 1$aDELL'ARTI,$bGiorgio$0136203 801 0$aIT$bsalbc$gISBD 912 $a990000286660203316 951 $aX.3.A. 1381(V A 1132)$b147034 L.M.$cV A$d00002089 959 $aBK 969 $aUMA 996 $aUomo di fiducia$9880169 997 $aUNISA LEADER 02968oam 2200745I 450 001 9910450342403321 005 20200520144314.0 010 $a1-134-36837-2 010 $a0-415-31820-3 010 $a1-134-36838-0 010 $a1-280-07641-0 010 $a0-203-59848-2 024 7 $a10.4324/9780203598481 035 $a(CKB)1000000000249077 035 $a(EBL)200419 035 $a(OCoLC)475910244 035 $a(SSID)ssj0000293544 035 $a(PQKBManifestationID)11222924 035 $a(PQKBTitleCode)TC0000293544 035 $a(PQKBWorkID)10302520 035 $a(PQKB)11424658 035 $a(MiAaPQ)EBC200419 035 $a(Au-PeEL)EBL200419 035 $a(CaPaEBR)ebr10100001 035 $a(CaONFJC)MIL7641 035 $a(OCoLC)54494417 035 $a(EXLCZ)991000000000249077 100 $a20180706d2004 uy 0 101 0 $aeng 135 $aur|n|---||||| 181 $ctxt 182 $cc 183 $acr 200 00$aDecolonization $eperspectives from now and then /$fedited by Prasenjit Duara 205 $a2nd ed. 210 1$aLondon ;$aNew York :$cRoutledge,$d2004. 215 $a1 online resource (139 p.) 225 1 $aThe making of the contemporary world 300 $aDescription based upon print version of record. 311 $a0-203-68440-0 311 $a0-415-31821-1 320 $aIncludes bibliographical references (p. [120]-125) and index. 327 $a1. Empire in the afternoon: the interwar years -- 2. The sea change of empire: the effects of World War II -- 3. Instability and uncertainty: the postwar situation -- 4. Pronouncements, denunciation, and the search for ideology: international public opinion and decolonization -- 5. Countryside and city: the two landscapes of decolonization -- 6. 'Gotta be this or that': the problems of independence -- 7. Outside in: colonial migration -- 8. Land and language: concerns over the perceived continuing European presence -- 9. In the wake of the past -- 10. Beyond empire: current issues and conditions in the study of imperialism and decolonization. 330 $aA second, fully updated edition of this concise introduction to the phenomenon of decolonization. 410 0$aMaking of the contemporary world. 606 $aDecolonization$xHistory 606 $aImperialism$xHistory$y20th century 606 $aWorld politics$y1945-1989 606 $aWorld War, 1914-1918$xInfluence 606 $aWorld War, 1939-1945$xInfluence 608 $aElectronic books. 615 0$aDecolonization$xHistory. 615 0$aImperialism$xHistory 615 0$aWorld politics 615 0$aWorld War, 1914-1918$xInfluence. 615 0$aWorld War, 1939-1945$xInfluence. 676 $a325/.3/09045 701 $aDuara$b Prasenjit$0250251 801 0$bMiAaPQ 801 1$bMiAaPQ 801 2$bMiAaPQ 906 $aBOOK 912 $a9910450342403321 996 $aDecolonization$91982425 997 $aUNINA